[Event "Utrecht OKU op 42nd"]
[Site "Utrecht"]
[Date "2015.06.05"]
[Round "1"]
[White "Krouwel, Robert"]
[Black "Schouten, Jordy"]
[Result "1/2-1/2"]
[WhiteElo "1779"]
[BlackElo "2014"]
[PlyCount "31"]
[EventDate "2015.06.05"]
[EventType "swiss"]
[EventRounds "6"]
[EventCountry "NED"]
[SourceTitle "CBM 166 Extra"]
[Source "ChessBase"]
[SourceDate "2015.06.18"]
[SourceVersion "1"]
[SourceVersionDate "2015.06.18"]
[SourceQuality "1"]

1. d4 Nf6 2. Nf3 e6 3. e3 d5 4. Bd3 Nbd7 5. Nbd2 c5 6. b3 b6 7. Bb2 Bb7 8. 0-0 Rc8 9. Ne5 Nxe5 10. dxe5 Nd7 11. f4 Qc7 12. Qe2 Be7 13. Rac1 f5 14. a4 0-0 15. Rf3 Qd8 16. Rg3 1/2-1/2

[Event "Maarssen OKU op-B"]
[Site "Maarssen"]
[Date "2013.06.01"]
[Round "2"]
[White "Krouwel, Robert"]
[Black "Osinga, Andre"]
[Result "1-0"]
[WhiteElo "1807"]
[BlackElo "1612"]
[PlyCount "79"]
[EventDate "2013.05.31"]
[EventType "swiss"]
[EventRounds "6"]
[EventCountry "NED"]
[SourceTitle "EXT 2015"]
[Source "ChessBase"]
[SourceDate "2014.11.20"]
[SourceVersion "1"]
[SourceVersionDate "2014.11.20"]
[SourceQuality "1"]

1. Nf3 d6 2. d3 g6 3. c3 Bg7 4. e4 Nf6 5. Be2 0-0 6. 0-0 c5 7. Qc2 Nc6 8. Nbd2 b6 9. Re1 Bb7 10. Nf1 d5 11. Ng3 d4 12. c4 Ng4 13. a3 Nge5 14. Nxe5 Nxe5 15. f4 Nd7 16. Bd2 e5 17. f5 Nf6 18. Qc1 Qd7 19. Rf1 Rac8 20. Rf2 b5 21. b3 a6 22. Bg5 Qd6 23. Qd2 Qb6 24. Raf1 a5 25. Bd1 a4 26. cxb5 axb3 27. a4 Ra8 28. Bxb3 Ng4 29. Rf3 h6 30. f6 hxg5 31. fxg7 Kxg7 32. Rxf7+ Rxf7 33. Rxf7+ Kh6 34. h4 Ne3 35. Nf1 gxh4 36. Nxe3 dxe3 37. Qxe3+ g5 38. Qf2 Kh5 39. Bd1+ g4 40. Qf5+ 1-0